Faculty of Law Library — Cairo University

Official Online Catalog

Actes Du Deuxième Congrès International D'anthropologie Criminelle : (Record no. 72302)

MARC details
000 -LEADER
fixed length control field 00997nam a2200289 i 4500
003 - CONTROL NUMBER IDENTIFIER
control field EG-GICUC
005 - DATE AND TIME OF LATEST TRANSACTION
control field 20260420155434.0
008 - FIXED-LENGTH DATA ELEMENTS--GENERAL INFORMATION
fixed length control field 260420s1890 fr fr|||| 00| 0 fre d
040 ## - CATALOGING SOURCE
Original cataloging agency EG-GiCUC
Language of cataloging fre
Transcribing agency EG-GiCUC
Modifying agency EG-GiCUC
Description conventions Rda
041 ## - LANGUAGE CODE
Language code of text/sound track or separate title fre
082 04 - DEWEY DECIMAL CLASSIFICATION NUMBER
Edition number 21
Classification number 343.9
Item number AC
092 04 - LOCALLY ASSIGNED DEWEY CALL NUMBER (OCLC)
Edition number 21
099 ## - LOCAL FREE-TEXT CALL NUMBER (OCLC)
Classification number Law1 10 343.9 Ac 1890
111 2# - MAIN ENTRY--MEETING NAME
Meeting name or jurisdiction name as entry element Congrès international d'anthropologie criminelle
Location of meeting Paris , France
Date of meeting or treaty signing 1889
Number of part/section/meeting 2nd
245 10 - TITLE STATEMENT
Title Actes Du Deuxième Congrès International D'anthropologie Criminelle :
Remainder of title biologie et sociologie (Paris, août 1889).
264 #1 - PRODUCTION, PUBLICATION, DISTRIBUTION, MANUFACTURE, AND COPYRIGHT NOTICE
Place of production, publication, distribution, manufacture Lyon :
Name of producer, publisher, distributor, manufacturer A. Storck, imprimeur-éditeur,
Date of production, publication, distribution, manufacture, or copyright notice 1890.
300 ## - PHYSICAL DESCRIPTION
Extent 540 page;
Dimensions 24 cm.
336 ## - CONTENT TYPE
Source rda contenu
Content type term texte
337 ## - MEDIA TYPE
Source rda medias
Media type term Ordinateur
338 ## - CARRIER TYPE
Source transporteur rda
Carrier type term Ressource en ligne
546 ## - LANGUAGE NOTE
Language note Texte en français
650 1# - SUBJECT ADDED ENTRY--TOPICAL TERM
Topical term or geographic name entry element Droit pénal
Source of heading or term qrmak
651 1# - SUBJECT ADDED ENTRY--GEOGRAPHIC NAME
Source of heading or term qrmak
856 40 - ELECTRONIC LOCATION AND ACCESS
Uniform Resource Identifier <a href="https://fll.law.cu.edu.eg/fulltext/bks/B10-10569.pdf">https://fll.law.cu.edu.eg/fulltext/bks/B10-10569.pdf</a>
905 ## - Cataloger and Reviser Names
Cataloger Name: Farha Tarek
942 ## - ADDED ENTRY ELEMENTS (KOHA)
Source of classification or shelving scheme Dewey Decimal Classification
Koha item type Books
Edition 21
Suppress in OPAC No
Holdings
Withdrawn status Lost status Source of classification or shelving scheme Damaged status Not for loan Collection Home library Current library Date acquired Total checkouts Full call number Barcode Date last seen Copy number Price effective from Koha item type
    Dewey Decimal Classification   Not for loan القانون الجنائي جــــامعة القــاهرة مكتبة كلية الحقوق - المبنى الرئيسي 20.04.2026   Law1 10 343.9 Ac 1890 1010569 C1 B10-10569 20.04.2026 1 20.04.2026 Books

© All rights reserved — Faculty of Law, Cairo University